Introduction to reference work

The book explains the essential reference processes and sources in today;s libraries. It is a tool for understanding and mastering fundamental reference forms - online, in print, and elsewhere. This eighth edition is completely rewritten to reflect the radical changes library science has undergone s...

תיאור מלא

שמור ב:
מידע ביבליוגרפי
מחבר ראשי: Katz, William A
פורמט: ספר
שפה:Undetermined
יצא לאור: Boston McGraw-Hill 2002
נושאים:
תגים: הוספת תג
אין תגיות, היה/י הראשונ/ה לתייג את הרשומה!
Thư viện lưu trữ: Trung tâm Học liệu Trường Đại học Cần Thơ
LEADER 01022nam a2200217Ia 4500
001 CTU_144610
008 210402s9999 xx 000 0 und d
020 |c 100.75 
082 |a 025.552 
082 |b K11/Vol.1 
100 |a Katz, William A 
245 0 |a Introduction to reference work 
245 0 |c William A Katz 
260 |a Boston 
260 |b McGraw-Hill 
260 |c 2002 
520 |a The book explains the essential reference processes and sources in today;s libraries. It is a tool for understanding and mastering fundamental reference forms - online, in print, and elsewhere. This eighth edition is completely rewritten to reflect the radical changes library science has undergone since the advent of widely available electronic databases and the Internet 
650 |a Reference services (Libraries),Reference books,Dịch vụ tra cứu (Thư viện),Sách tra cứu 
650 |x Bibliography,Thư mục 
904 |i Huỳnh Mai 
980 |a Trung tâm Học liệu Trường Đại học Cần Thơ